| 000 | 00607nam a22002297a 4500 | ||
|---|---|---|---|
| 003 | UA-OsUOA | ||
| 001 | 19850 | ||
| 007 | ta | ||
| 008 | 20040928b un ||||| |||| 00| 0 ukr d | ||
| 100 | _aЯщук В. | ||
| 090 | _bП-435 | ||
| 942 | _cSA | ||
| 040 |
_aUA-OsUOA _bukr _cUA-OsUOA _dUA-OsUOA |
||
| 245 | _aЖага самопізнання:Нотатки з приводу зб. П.Велесика "сенс нестерпного польоту" | ||
| 300 | _aС.87-89 | ||
| 955 | _a0 | ||
| 041 | _aukr | ||
| 591 | _a92 | ||
| 044 | _aUA | ||
| 773 | 0 | _w0 | |
| 650 | 7 |
_aВелесик П. _2UDC |
|
| 999 |
_c306023 _d306023 |
||